| 000 | 00830nam a22002535i 4500 | ||
|---|---|---|---|
| 999 |
_c28120 _d28091 |
||
| 003 | EG-ScBUE | ||
| 005 | 20200216141148.0 | ||
| 008 | 200216s2019 ii f b 001 0 eng d | ||
| 020 | _a9788131305096 | ||
| 040 |
_aEG-ScBUE _beng _erda _cEG-ScBUE _dEG-ScBUE |
||
| 082 | 0 | 4 |
_a070.4 _bSIN _222 |
| 100 | 1 |
_aSingh, Jitendra Kumar, _eauthor. |
|
| 245 | 1 | 0 |
_aModern Journalism : _bissues and trends / _cJitendra Kumar Singh. |
| 264 | 1 |
_aNew Delhi : _bS. B. Nangia : _bA. P. H. Publishing Corporation, _c2019. |
|
| 300 |
_a272 pages ; _c24 cm |
||
| 336 |
_atext _btxt _2rdacontent |
||
| 337 |
_aunmediated _bn _2rdamedia |
||
| 338 |
_avolume _bnc _2rdacarrier |
||
| 504 | _aIncludes bibliographical references and index. | ||
| 650 | 7 |
_aJournalism. _2BUEsh |
|
| 653 |
_bCOMAME _cFebruary2020 |
||
| 942 |
_2ddc _cBB |
||